Music Quiz

Random Music or Broadway Quiz
Score 0/20 Timer 05:00
4 Plays Today
Number Musical % Correct
4Lion King
97.2%
15Grease
95.9%
3Phantom of the Opera
95.5%
1Cats
94.8%
18Wicked
88.6%
9Chicago
88.4%
19Hairspray
87.5%
17Beauty & the Beast
84.8%
20Les Misérables
78.7%
2Fiddler on the Roof
77.2%
Number Musical % Correct
7Mamma Mia
74.6%
14Rent
69.1%
10Jersey Boys
67.5%
5West Side Story
64.2%
13Rocky Horror Show
57.8%
12Spamalot
54.9%
8Avenue Q
33.4%
11Jesus Christ Superstar
33.2%
6Chess
29.7%
16Joseph and the Amazing Technicolor Dreamcoat
12.1%

You're not logged in!

Compare scores with friends on all Sporcle quizzes.
OR
Log In

Sporcle TV

Today on Sporcle TV


Watch our educational content, quiz creation guides, and fun videos on Sporcle TV.

Show Comments

Extras

Top Quizzes Today


Score Distribution

Paid Content

Your Account Isn't Verified!

In order to create a playlist on Sporcle, you need to verify the email address you used during registration. Go to your Sporcle Settings to finish the process.

Report this User

Report this user for behavior that violates our Community Guidelines.

Details: